Normal view
MARC view
- Supervisor: Col, Dr. Shahid Iqbal
Entry Personal Name
001 - CONTROL NUMBER
- control field: 127101
003 - CONTROL NUMBER IDENTIFIER
- control field: NUST
005 - DATE AND TIME OF LATEST TRANSACTION
- control field: 20241212122900.0
008 - FIXED-LENGTH DATA ELEMENTS
- fixed length control field: 241212|| aca||aabn | a|a d
040 ## - CATALOGING SOURCE
- Original cataloging agency: NUST
- Transcribing agency: NUST
100 ## - HEADING--PERSONAL NAME
- Personal name: Supervisor: Col, Dr. Shahid Iqbal
670 ## - SOURCE DATA FOUND
- Source citation: Work cat.: (NUST)536170: Banuri, Syed Kamran Nazim 31122, Analysis of Security Check-Post Wall Panels Against Blast Loading /, 2015.
